Nomes que começam com C - Statistics

Estatísticas Gerais
  • Esse quiz foi jogado 199 vezes
  • A pontuação média é 13 de 38
Estatísticas das Respostas
Hint Resposta % Correto
2. Carlos
94%
4. Carla
88%
1. Carolina
80%
15. Camila
73%
17. Cláudia
63%
13. Clara
59%
30. Cristina
58%
7. Célia
56%
18. Cláudio
56%
3. Catarina
55%
21. Carmén
53%
31. Cristiano
53%
37. César
50%
9. Carina
44%
24. Cecília
43%
5. Cátia
41%
22. Celina
41%
34. Camilo
37%
10. Carlota
36%
12. Constança
25%
28. Cleide
24%
16. Cândida
22%
6. Carmo
21%
36. Celeste
21%
35. Cândido
17%
27. Clarisse
17%
23. Cassandra
13%
32. Clarinda
10%
33. Caetano
8%
11. Carminho
6%
29. Cremilde
6%
19. Custódia
6%
20. Custódio
5%
38. Cesário
4%
8. Céu
3%
14. Caetana
2%
25. Cheila
2%
26. Cindy
2%
Nenhum quiz correspondente encontrado
Distribuição das Pontuações
Porcentagem de Pessoas com Cada Pontuação
Percentil de Números Respondidos
Sua Pontuação Histórica
Você não jogou esse quiz